<?xml version="1.0" encoding="UTF-8"?>
<record
    xmlns:xsi="http://www.w3.org/2001/XMLSchema-instance"
    xsi:schemaLocation="http://www.loc.gov/MARC21/slim http://www.loc.gov/standards/marcxml/schema/MARC21slim.xsd"
    xmlns="http://www.loc.gov/MARC21/slim">

  <leader>02126nam a22003857a 4500</leader>
  <controlfield tag="003">OSt</controlfield>
  <controlfield tag="005">20250414130832.0</controlfield>
  <controlfield tag="007">ta</controlfield>
  <controlfield tag="008">210217e2020    dr aoc|| e||| 00| 0 spa d</controlfield>
  <datafield tag="020" ind1=" " ind2=" ">
    <subfield code="a">9789945096378</subfield>
  </datafield>
  <datafield tag="040" ind1=" " ind2=" ">
    <subfield code="a">DO-SdBNP</subfield>
    <subfield code="b">spa</subfield>
    <subfield code="c">BNPHU</subfield>
  </datafield>
  <datafield tag="041" ind1=" " ind2=" ">
    <subfield code="h">spa</subfield>
  </datafield>
  <datafield tag="082" ind1=" " ind2="4">
    <subfield code="b">F634p</subfield>
    <subfield code="2">22</subfield>
    <subfield code="a">246.96</subfield>
  </datafield>
  <datafield tag="100" ind1="1" ind2=" ">
    <subfield code="a">Flores Sasso, Virginia</subfield>
    <subfield code="9">77827</subfield>
  </datafield>
  <datafield tag="245" ind1="1" ind2="3">
    <subfield code="a">Un pueblo unido por la fe : espacios de devoci&#xF3;n = A people united in faith : houses of worship =  Un peuple uni par la foi : des espaces de d&#xE9;votion /</subfield>
    <subfield code="b"> </subfield>
    <subfield code="c">Virginia Flores Sasso , Esteban Prieto Vicioso ; fotograf&#xED;as Victor Siladi  ; trad. al ingl&#xE9;s, Amanda Livoti ;  trad. al franc&#xE9;s,  Isabella Mart&#xED;nez Ascanio ; pr&#xF3;logo, Ram&#xF3;n Benito De la Rosa y Carpio , </subfield>
  </datafield>
  <datafield tag="246" ind1=" " ind2=" ">
    <subfield code="a"> Un peuple uni par la foi : des espaces de d&#xE9;votion </subfield>
  </datafield>
  <datafield tag="246" ind1=" " ind2=" ">
    <subfield code="a"> A people united in faith : houses of worship</subfield>
  </datafield>
  <datafield tag="260" ind1=" " ind2=" ">
    <subfield code="a">Santo Domingo :</subfield>
    <subfield code="b">Popular ,</subfield>
    <subfield code="c">2020</subfield>
  </datafield>
  <datafield tag="300" ind1=" " ind2=" ">
    <subfield code="a">439 p.</subfield>
    <subfield code="b">il. fots., retrs. ;</subfield>
    <subfield code="c">30 cm.</subfield>
  </datafield>
  <datafield tag="500" ind1=" " ind2=" ">
    <subfield code="a">Texto en espa&#xF1;ol,  ingl&#xE9;s y franc&#xE9;s</subfield>
  </datafield>
  <datafield tag="504" ind1=" " ind2=" ">
    <subfield code="a">Bibliograf&#xED;a : p. 424-236</subfield>
  </datafield>
  <datafield tag="505" ind1="1" ind2=" ">
    <subfield code="a">Presentaci&#xF3;n : Banco Popular Dominicano.</subfield>
    <subfield code="t">Pr&#xF3;logo : Monse&#xF1;or Ram&#xF3;n Benito De la Rosa y Carpio --</subfield>
    <subfield code="t">Agradecimientos --</subfield>
    <subfield code="t">Introducci&#xF3;n --</subfield>
    <subfield code="t">La llegada de la cruz.</subfield>
    <subfield code="t">Espacios de devoci&#xF3;n --</subfield>
    <subfield code="t">Catedrales cat&#xF3;licas : origen e historia --</subfield>
    <subfield code="t">Iglesias cat&#xF3;licas --</subfield>
    <subfield code="t">Monasterios y conventos.</subfield>
    <subfield code="t">Otros temas cristianos --</subfield>
    <subfield code="t">Traducci&#xF3;n al ingl&#xE9;s --</subfield>
    <subfield code="t">Traducci&#xF3;n al franc&#xE9;s --</subfield>
    <subfield code="t">Notas bibliogr&#xE1;ficas</subfield>
  </datafield>
  <datafield tag="590" ind1=" " ind2=" ">
    <subfield code="a">Inventariado, 2021/MFF</subfield>
  </datafield>
  <datafield tag="650" ind1=" " ind2="4">
    <subfield code="a">Arquitectura religiosa</subfield>
    <subfield code="9">77951</subfield>
    <subfield code="z">Rep&#xFA;blica Dominicana</subfield>
  </datafield>
  <datafield tag="650" ind1=" " ind2="4">
    <subfield code="a">Iglesias cat&#xF3;licas </subfield>
    <subfield code="z">Rep&#xFA;blica Dominicana</subfield>
    <subfield code="9">77952</subfield>
  </datafield>
  <datafield tag="650" ind1=" " ind2="0">
    <subfield code="a">Catedrales </subfield>
    <subfield code="x">Historia</subfield>
    <subfield code="9">77954</subfield>
  </datafield>
  <datafield tag="650" ind1=" " ind2="4">
    <subfield code="a">Conventos </subfield>
    <subfield code="z">Rep&#xFA;blica Dominicana</subfield>
    <subfield code="9">33917</subfield>
  </datafield>
  <datafield tag="700" ind1="1" ind2=" ">
    <subfield code="a"> Prieto Vicioso , Esteban </subfield>
    <subfield code="9">56663</subfield>
  </datafield>
  <datafield tag="700" ind1="1" ind2=" ">
    <subfield code="a"> Siladi , Victor ,</subfield>
    <subfield code="e">fotograf&#xED;as</subfield>
    <subfield code="9">77828</subfield>
  </datafield>
  <datafield tag="700" ind1="1" ind2=" ">
    <subfield code="a">Livoli , Amanda ,</subfield>
    <subfield code="e">trad. al ingl&#xE9;s </subfield>
    <subfield code="9">77829</subfield>
  </datafield>
  <datafield tag="700" ind1="1" ind2=" ">
    <subfield code="a">Mart&#xED;nez Ascanio, Isabella,  </subfield>
    <subfield code="e">trad. al franc&#xE9;s </subfield>
    <subfield code="9">77830</subfield>
  </datafield>
  <datafield tag="700" ind1="1" ind2=" ">
    <subfield code="a"> Rosa y Carpio, Ram&#xF3;n Benito de la,</subfield>
    <subfield code="d">1939-</subfield>
    <subfield code="e">pr&#xF3;logo.</subfield>
    <subfield code="9">74159</subfield>
  </datafield>
  <datafield tag="910" ind1=" " ind2=" ">
    <subfield code="a">Validado. Control de calidad MFF</subfield>
  </datafield>
  <datafield tag="942" ind1=" " ind2=" ">
    <subfield code="2">ddc</subfield>
    <subfield code="c">LBS1</subfield>
  </datafield>
  <datafield tag="952" ind1=" " ind2=" ">
    <subfield code="0">0</subfield>
    <subfield code="1">0</subfield>
    <subfield code="2">ddc</subfield>
    <subfield code="7">1</subfield>
    <subfield code="8">PD</subfield>
    <subfield code="a">BNPHU</subfield>
    <subfield code="b">PD</subfield>
    <subfield code="c">HD</subfield>
    <subfield code="d">2021-01-06</subfield>
    <subfield code="e">Donado por el Banco Popular Dominicano</subfield>
    <subfield code="l">0</subfield>
    <subfield code="o">BNPHU PD 246.96 F634u</subfield>
    <subfield code="p">2021-0271</subfield>
    <subfield code="r">2021-02-17</subfield>
    <subfield code="w">2021-02-17</subfield>
    <subfield code="y">LFPD</subfield>
  </datafield>
  <datafield tag="952" ind1=" " ind2=" ">
    <subfield code="0">0</subfield>
    <subfield code="1">0</subfield>
    <subfield code="2">ddc</subfield>
    <subfield code="7">1</subfield>
    <subfield code="8">PD</subfield>
    <subfield code="a">BNPHU</subfield>
    <subfield code="b">PD</subfield>
    <subfield code="c">HD</subfield>
    <subfield code="d">2021-01-06</subfield>
    <subfield code="e">Donado por el Banco Popular</subfield>
    <subfield code="l">0</subfield>
    <subfield code="o">BNPHU PD 246.96	F634u</subfield>
    <subfield code="p">2021-0272</subfield>
    <subfield code="r">2021-02-17</subfield>
    <subfield code="t">e.2</subfield>
    <subfield code="w">2021-02-17</subfield>
    <subfield code="y">LFPD</subfield>
  </datafield>
  <datafield tag="952" ind1=" " ind2=" ">
    <subfield code="0">0</subfield>
    <subfield code="1">0</subfield>
    <subfield code="2">ddc</subfield>
    <subfield code="7">5</subfield>
    <subfield code="8">DS</subfield>
    <subfield code="a">BNPHU</subfield>
    <subfield code="b">PD</subfield>
    <subfield code="c">HD</subfield>
    <subfield code="d">2021-01-06</subfield>
    <subfield code="e">Donado por  Banco Popular</subfield>
    <subfield code="l">0</subfield>
    <subfield code="o"> BNPHU DS 246.96 F634u</subfield>
    <subfield code="p">2021-0273</subfield>
    <subfield code="r">2021-02-17</subfield>
    <subfield code="t">e.3</subfield>
    <subfield code="w">2021-02-17</subfield>
    <subfield code="y">LFDS</subfield>
  </datafield>
  <datafield tag="999" ind1=" " ind2=" ">
    <subfield code="c">49402</subfield>
    <subfield code="d">49402</subfield>
  </datafield>
</record>
